[Event "GER Seniors Derby 03rd"]
[Site "Undeloh"]
[Date "2004.04.16"]
[Round "3"]
[White "Bondick, Karl Heinz"]
[Black "Stolberg Wernigerode, Gunther"]
[Result "1-0"]
[WhiteElo "2121"]
[BlackElo "1867"]
[PlyCount "45"]
[EventDate "2004.04.15"]
[EventType "swiss"]
[EventRounds "7"]
[EventCountry "GER"]
[SourceTitle "EXT 2006"]
[Source "ChessBase"]
[SourceDate "2005.11.24"]
[SourceVersion "1"]
[SourceVersionDate "2005.11.24"]
[SourceQuality "1"]

1. d4 d5 2. e4 Nf6 3. f3 dxe4 4. Nc3 exf3 5. Nxf3 Bg4 6. h3 Bh5 7. g4 Bg6 8. Ne5 e6 9. Bg2 c6 10. h4 h5 11. Nxg6 fxg6 12. Qd3 Qc7 13. Qxg6+ Qf7 14. Qxf7+ Kxf7 15. g5 Nd5 16. Ne4 Nd7 17. Bd2 Bb4 18. c3 Ba5 19. Nd6+ Ke7 20. Nxb7 Bc7 21. c4 Rab8 22. cxd5 Rxb7 23. dxc6 1-0